[Event "OP-2022-0-05314"]
[Site "LSS email"]
[Date "2022.08.08"]
[Round "?"]
[White "Wakeham, Marc"]
[Black "Valverde, Andres"]
[Result "1/2-1/2"]
[WhiteElo "1479"]
[BlackElo "2085"]
[PlyCount "87"]
[EventDate "2022.07.29"]
[EventType "tourn (corr)"]
[EventRounds "4"]
[EventCountry "GER"]
[SourceTitle "Corr 2024"]
[Source "ChessBase"]
[SourceDate "2023.10.19"]
[SourceVersion "1"]
[SourceVersionDate "2023.10.19"]
[SourceQuality "1"]

1. e4 c5 2. Nf3 d6 3. d4 cxd4 4. Nxd4 Nf6 5. Nc3 a6 6. Be3 e6 7. a3 Nc6 8. h3 Be7 9. g4 h6 10. Rg1 Bd7 11. Qd2 Rc8 12. f3 Nxd4 13. Bxd4 e5 14. Be3 Be6 15. 0-0-0 Nd7 16. Kb1 Rc6 17. Ne2 Nc5 18. Nc3 Bg5 19. f4 exf4 20. Bxf4 Bxf4 21. Qxf4 Qg5 22. Qxg5 hxg5 23. Bg2 Ke7 24. e5 dxe5 25. Bxc6 bxc6 26. Rg3 g6 27. Re3 f6 28. b3 Nd7 29. Ne4 Bd5 30. a4 Bxe4 31. Rxe4 Nb6 32. Rb4 Nd5 33. Rb7+ Ke6 34. Kc1 f5 35. c4 Ne3 36. Rdd7 e4 37. Re7+ Kf6 38. Rbc7 a5 39. Kd2 Rxh3 40. Re8 Nxg4 41. Rxc6+ Kf7 42. Ra8 Rd3+ 43. Ke1 Re3+ 44. Kd2 1/2-1/2

[Event "RA-2022-0-00706"]
[Site "LSS email"]
[Date "2022.02.14"]
[Round "?"]
[White "Morcin, Tom"]
[Black "Valverde, Andres"]
[Result "1/2-1/2"]
[WhiteElo "2031"]
[BlackElo "2074"]
[PlyCount "62"]
[EventDate "2022.01.15"]
[EventType "tourn (corr)"]
[EventRounds "6"]
[EventCountry "GER"]
[SourceTitle "Corr 2024"]
[Source "ChessBase"]
[SourceDate "2023.10.19"]
[SourceVersion "1"]
[SourceVersionDate "2023.10.19"]
[SourceQuality "1"]

1. d4 Nf6 2. c4 e6 3. Nf3 b6 4. a3 Ba6 5. Qc2 Bb7 6. Nc3 c5 7. e4 cxd4 8. Nxd4 Nc6 9. Nxc6 Bxc6 10. Bf4 Bc5 11. Be2 0-0 12. Rd1 Qe7 13. e5 Nh5 14. Bg3 Qg5 15. Bxh5 Qxh5 16. b4 Be7 17. 0-0 Rfd8 18. Rd4 f6 19. Qd1 Qxd1 20. Rfxd1 a6 21. b5 axb5 22. cxb5 Bb7 23. Na4 Ra5 24. exf6 gxf6 25. Bc7 Re8 26. Bxb6 Rxb5 27. Rxd7 Bd5 28. Be3 Bb3 29. Nc3 Bxd1 30. Nxb5 Ba4 31. Rb7 Bxb5 1/2-1/2

[Event "RA-2022-0-00706"]
[Site "LSS email"]
[Date "2022.02.14"]
[Round "?"]
[White "Valverde, Andres"]
[Black "Ruano Casanova, Enrique"]
[Result "1/2-1/2"]
[WhiteElo "2074"]
[BlackElo "2079"]
[PlyCount "93"]
[EventDate "2022.01.15"]
[EventType "tourn (corr)"]
[EventRounds "6"]
[EventCountry "GER"]
[SourceTitle "Corr 2024"]
[Source "ChessBase"]
[SourceDate "2023.10.19"]
[SourceVersion "1"]
[SourceVersionDate "2023.10.19"]
[SourceQuality "1"]

1. e4 c5 2. Nf3 d6 3. d4 cxd4 4. Nxd4 Nf6 5. Nc3 a6 6. Be3 e5 7. Nb3 Be6 8. Qd2 Nbd7 9. f3 h5 10. Nd5 Bxd5 11. exd5 g6 12. 0-0-0 Nb6 13. Kb1 Nbxd5 14. Bg5 Be7 15. Bd3 Qc7 16. Rhe1 Nb6 17. Qf2 0-0 18. h4 d5 19. Qg3 Nbd7 20. Bh6 Kh8 21. Bxf8 Bxf8 22. Qf2 Bd6 23. Qd2 Re8 24. Rf1 Kg7 25. g4 e4 26. g5 exd3 27. gxf6+ Nxf6 28. Qxd3 Bg3 29. Rh1 Qc4 30. Qd4 Re2 31. c3 b5 32. Qxc4 dxc4 33. Nd4 Re5 34. Rh3 Bf4 35. a4 Rc5 36. Ne2 Bc7 37. axb5 axb5 38. f4 Rd5 39. Kc2 Bb6 40. Ng3 Rxd1 41. Kxd1 Ng4 42. Ke2 Nf2 43. Rh2 Nd3 44. Kf3 Bc7 45. Ne2 Nxb2 46. Rh1 Nd3 47. Rb1 1/2-1/2

[Event "RA-2022-0-00703"]
[Site "LSS email"]
[Date "2022.01.15"]
[Round "?"]
[White "Malmstrom, Jan"]
[Black "Valverde, Andres"]
[Result "1/2-1/2"]
[WhiteElo "1995"]
[BlackElo "2066"]
[PlyCount "74"]
[EventDate "2022.01.02"]
[EventType "tourn (corr)"]
[EventRounds "6"]
[EventCountry "GER"]
[SourceTitle "Corr 2024"]
[Source "ChessBase"]
[SourceDate "2023.10.19"]
[SourceVersion "1"]
[SourceVersionDate "2023.10.19"]
[SourceQuality "1"]

1. e4 c5 2. Nf3 d6 3. d4 cxd4 4. Nxd4 Nf6 5. Nc3 a6 6. Be3 e5 7. Nb3 Be6 8. Qd2 Nbd7 9. f3 b5 10. 0-0-0 h5 11. Kb1 Be7 12. Nd5 Bxd5 13. exd5 Nb6 14. Bxb6 Qxb6 15. Na5 Rc8 16. c4 bxc4 17. Nxc4 Qa7 18. Na5 Rc5 19. Nc6 Qd7 20. Be2 0-0 21. Rc1 Rxd5 22. Qe3 Re8 23. Bxa6 Bf8 24. a4 Qf5+ 25. Rc2 Rc5 26. Qd3 e4 27. fxe4 Rxe4 28. Rxc5 dxc5 29. Bc4 Qc8 30. Bb5 Re6 31. Qf3 Ne4 32. Rd1 Rd6 33. Rxd6 Nxd6 34. Qxh5 Nxb5 35. axb5 Qe6 36. Qf3 c4 37. h4 g6 1/2-1/2

[Event "RA-2022-0-00703"]
[Site "LSS email"]
[Date "2022.01.14"]
[Round "?"]
[White "Valverde, Andres"]
[Black "Morcin, Tom"]
[Result "1/2-1/2"]
[WhiteElo "2066"]
[BlackElo "2034"]
[PlyCount "65"]
[EventDate "2022.01.02"]
[EventType "tourn (corr)"]
[EventRounds "6"]
[EventCountry "GER"]
[SourceTitle "Corr 2024"]
[Source "ChessBase"]
[SourceDate "2023.10.19"]
[SourceVersion "1"]
[SourceVersionDate "2023.10.19"]
[SourceQuality "1"]

1. Nf3 d5 2. g3 Nf6 3. Bg2 c6 4. 0-0 Bg4 5. h3 Bh5 6. d4 e6 7. c4 Nbd7 8. cxd5 exd5 9. Qb3 Qb6 10. Qe3+ Be7 11. Nh4 Bg6 12. Nxg6 hxg6 13. Nc3 Qd8 14. Qd3 0-0 15. a3 Re8 16. b4 b5 17. e4 dxe4 18. Nxe4 Rc8 19. Bf4 Nb6 20. Rfe1 Nfd5 21. Bd2 Nc4 22. Re2 Bf8 23. h4 Ra8 24. Rae1 a5 25. bxa5 Nxd2 26. Qxd2 Rxa5 27. Qc2 Rxa3 28. Qxc6 b4 29. Ng5 Rxe2 30. Rxe2 Nf6 31. Nxf7 Qxd4 32. Qe6 Rxg3 33. Ng5+ 1/2-1/2

[Event "ZH-2022-0-01975"]
[Site "LSS email"]
[Date "2022.01.12"]
[Round "?"]
[White "Nowak, Ireneusz"]
[Black "Valverde, Andres"]
[Result "1/2-1/2"]
[WhiteElo "2041"]
[BlackElo "2066"]
[PlyCount "73"]
[EventDate "2021.12.22"]
[EventType "match (corr)"]
[EventRounds "2"]
[EventCountry "GER"]
[SourceTitle "Corr 2024"]
[Source "ChessBase"]
[SourceDate "2023.10.19"]
[SourceVersion "1"]
[SourceVersionDate "2023.10.19"]
[SourceQuality "1"]

1. d4 Nf6 2. c4 e6 3. Nc3 Bb4 4. e3 0-0 5. Nge2 Re8 6. a3 Bf8 7. d5 a5 8. Ng3 Na6 9. Be2 Nc5 10. b3 exd5 11. cxd5 c6 12. 0-0 b5 13. Bb2 Bb7 14. b4 axb4 15. axb4 Na6 16. Bf3 Nxb4 17. d6 Rb8 18. e4 c5 19. Nxb5 Re6 20. e5 Bxf3 21. Qxf3 Rxb5 22. exf6 g6 23. Bc3 Rb8 24. Ne4 Qb6 25. h4 h6 26. h5 Qc6 27. Rfe1 g5 28. Rad1 Nc2 29. Re2 Na3 30. Qf5 Nb5 31. Be5 Nd4 32. Bxd4 cxd4 33. Rxd4 Rb1+ 34. Kh2 Qc1 35. Kg3 Rb3+ 36. f3 Qg1 37. Nxg5 1/2-1/2

[Event "RB-2021-0-00410"]
[Site "LSS email"]
[Date "2021.12.05"]
[Round "?"]
[White "Valverde, Andres"]
[Black "Jacewicz, Grzegorz"]
[Result "1/2-1/2"]
[WhiteElo "1976"]
[BlackElo "1996"]
[PlyCount "65"]
[EventDate "2021.08.24"]
[EventType "tourn (corr)"]
[EventRounds "6"]
[EventCountry "GER"]
[SourceTitle "Corr 2024"]
[Source "ChessBase"]
[SourceDate "2023.10.19"]
[SourceVersion "1"]
[SourceVersionDate "2023.10.19"]
[SourceQuality "1"]

1. d4 d5 2. c4 c6 3. Nf3 Nf6 4. Nc3 dxc4 5. a4 Bf5 6. e3 e6 7. Bxc4 Bb4 8. 0-0 Nbd7 9. Nh4 0-0 10. f3 Bg6 11. e4 e5 12. dxe5 Nxe5 13. Be2 Qe7 14. Qb3 Rad8 15. Be3 a5 16. Nxg6 Nxg6 17. g3 h5 18. Rad1 h4 19. Rxd8 Rxd8 20. Rd1 Nh5 21. Rxd8+ Qxd8 22. Kg2 Qc7 23. f4 Ngxf4+ 24. gxf4 Nxf4+ 25. Bxf4 Qxf4 26. Nd1 Bd6 27. Qf3 Qxh2+ 28. Kf1 Kf8 29. Bc4 Qf4 30. Ke2 Ke7 31. Nf2 Qxf3+ 32. Kxf3 f6 33. Kg4 1/2-1/2

[Event "OP-2021-0-05202"]
[Site "LSS email"]
[Date "2021.10.22"]
[Round "?"]
[White "Valverde, Andres"]
[Black "Nikel, Bogdan"]
[Result "1-0"]
[WhiteElo "1976"]
[BlackElo "1874"]
[PlyCount "57"]
[EventDate "2021.10.18"]
[EventType "tourn (corr)"]
[EventRounds "4"]
[EventCountry "GER"]
[SourceTitle "Corr 2024"]
[Source "ChessBase"]
[SourceDate "2023.10.19"]
[SourceVersion "1"]
[SourceVersionDate "2023.10.19"]
[SourceQuality "1"]

1. d4 Nf6 2. c4 e6 3. Nc3 Bb4 4. Qb3 c5 5. dxc5 Bxc5 6. Nf3 b6 7. Bf4 Nc6 8. e3 Nh5 9. Bg3 Bb7 10. Be2 Nxg3 11. hxg3 Rc8 12. Rd1 h6 13. 0-0 0-0 14. Rd2 Qe7 15. Rfd1 Qe8 16. Rxd7 Rb8 17. a3 Be7 18. Qa4 Qc8 19. b4 a6 20. R7d2 Qc7 21. Rd7 Qc8 22. Bd3 Bf6 23. Ne4 Be7 24. Bb1 f5 25. b5 fxe4 26. Bxe4 Nd8 27. Bb1 axb5 28. Qc2 Rxf3 29. Qh7+ 1-0

[Event "IECG CP.2004.P.00022 email"]
[Site "IECG email"]
[Date "2004.10.01"]
[Round "?"]
[White "Bojovic, Srdjan"]
[Black "Valverde, Andres"]
[Result "1-0"]
[WhiteElo "1292"]
[BlackElo "2068"]
[PlyCount "53"]
[EventDate "2004.10.01"]
[EventType "tourn (corr)"]
[EventRounds "6"]
[SourceTitle "Corr 2011"]
[Source "ChessBase"]
[SourceDate "2010.08.31"]
[SourceVersion "1"]
[SourceVersionDate "2010.08.31"]
[SourceQuality "1"]

1. d4 Nf6 2. c4 g6 3. Nc3 Bg7 4. e4 0-0 5. Nf3 d6 6. Be2 Na6 7. 0-0 e5 8. d5 Nc5 9. Nd2 a5 10. Rb1 Bh6 11. Qc2 Nfd7 12. b3 f5 13. exf5 Rxf5 14. a3 Rf7 15. b4 axb4 16. axb4 Na6 17. Nde4 Bxc1 18. Qxc1 Nf6 19. Ng3 Bg4 20. f3 Bd7 21. Re1 Qe7 22. Qe3 c6 23. Qb6 Rff8 24. Nge4 Nxe4 25. Nxe4 cxd5 26. Nxd6 Bc6 27. c5 1-0

[Event "IECG CP.2004.P.00022 email"]
[Site "IECG email"]
[Date "2004.10.01"]
[Round "?"]
[White "Plant, Kevin D"]
[Black "Valverde, Andres"]
[Result "1-0"]
[WhiteElo "1800"]
[BlackElo "2068"]
[PlyCount "53"]
[EventDate "2004.10.01"]
[EventType "tourn (corr)"]
[EventRounds "6"]
[SourceTitle "Corr 2011"]
[Source "ChessBase"]
[SourceDate "2010.08.31"]
[SourceVersion "1"]
[SourceVersionDate "2010.08.31"]
[SourceQuality "1"]

1. e4 e5 2. Nf3 Nc6 3. d4 exd4 4. Nxd4 Nf6 5. Nxc6 bxc6 6. e5 Qe7 7. Qe2 Nd5 8. c4 Nb6 9. Nc3 Qe6 10. Qe4 g6 11. Bd2 Bg7 12. c5 Nd5 13. f4 0-0 14. Bc4 Bb7 15. 0-0 d6 16. cxd6 cxd6 17. Rae1 Nxc3 18. bxc3 d5 19. Qb1 Rab8 20. Bb3 Ba6 21. f5 gxf5 22. Rxf5 Bc4 23. Rh5 Qg6 24. Qd1 Rfe8 25. Bc2 Bd3 26. Bxd3 Qxd3 27. Rg5 1-0